World Capitals With Six Letters (with a semi-empty map) - Statistics

General Stats
  • This quiz has been taken 1,308 times
    383 since last reset
  • The average score is 181 of 196
Answers on the Map
Answers color-coded by a green-red scale on the quiz's map according to % correct below.
 
Answer Stats
capital % Correct
x
100%
London
92%
Moscow
90%
Lisbon
89%
Madrid
88%
Ottawa
86%
Dublin
85%
Berlin
82%
Havana
79%
Warsaw
78%
Athens
77%
Bogotá
73%
Ankara
72%
Prague
72%
Vienna
72%
Nassau
70%
Manila
69%
Astana
68%
Luanda
68%
Taipei
68%
Zagreb
67%
Riyadh
66%
Tehran
66%
Monaco
64%
Muscat
64%
Beirut
63%
Maputo
63%
Lusaka
62%
Harare
60%
Asmara
59%
Manama
59%
Maseru
59%
Skopje
59%
Bamako
58%
Bissau
58%
Kigali
58%
Tirana
57%
Banjul
56%
Bangui
55%
Dodoma
53%
Malabo
52%
Niamey
52%
Moroni
50%
Gitega
48%
Roseau
47%
Majuro
45%
No matching quizzes found
Score Distribution
Percent of People with Each Score
Percentile by Number Answered
Your Score History
You have not taken this quiz since the last reset